000 00722nam a2200289Ia 4500
005 20260324125020.0
008 008 260324s9999 xx 000 0 eng d
020 _a9780203888285
037 _aEBOOK
040 _aCRL
040 _beng
040 _cCRL
041 _2eng
041 _aeng
084 _qCRL
100 _aMary-Joan Gerson
_91176367
245 4 _aThe Embedded Self
245 3 _bAn Integrative Psychodynamic and Systemic Perspective on Couples and Family Therapy
260 _bTaylor and Francis
260 _c2009
365 _a
365 _b220
856 _uhttp://www.taylorfrancis.com/books/9780203888285
942 _cEBOOK
999 _c1771257
_d1771257